| 000 | 00712nam a22002295i 4500 | ||
|---|---|---|---|
| 001 | 54273 | ||
| 003 | ES-MaACL | ||
| 005 | 20240128062948.0 | ||
| 007 | t| | ||
| 008 | 960718s1877 fr ||||1| fre d | ||
| 040 |
_aCAM _bspa _cCAM |
||
| 100 | 1 |
_aFlaubert, Gustave, _d1821-1880 _951134 |
|
| 245 | 1 | 0 |
_aTrois contes _b: un coeur simple. La légende de Saint-Julien l'hospitalier. Hérodias / _cGustave Flaubert. |
| 250 | _a4e éd. | ||
| 260 |
_aParis : _bG. Charpentier, _c1877. |
||
| 300 |
_a[4], 248, [1] p. ; _c19 cm. |
||
| 740 | 3 | _aUn coeur simple. | |
| 740 | 3 | _aLa légende de Saint-Julien l'hospitalier. | |
| 740 | 0 | _aHérodias. | |
| 852 |
_aES-MaACL _jB-2744 |
||
| 999 |
_c54273 _d54273 |
||